MARC details
| 000 -LEADER |
| fixed length control field |
02483cam a22003978i 4500 |
| 001 - CONTROL NUMBER |
| control field |
22784158 |
| 003 - CONTROL NUMBER IDENTIFIER |
| control field |
CSPC |
| 005 - DATE AND TIME OF LATEST TRANSACTION |
| control field |
20251128130630.0 |
| 008 - FIXED-LENGTH DATA ELEMENTS--GENERAL INFORMATION |
| fixed length control field |
220909s2022 nju b 001 0 eng |
| 010 ## - LIBRARY OF CONGRESS CONTROL NUMBER |
| LC control number |
2022040333 |
| 020 ## - INTERNATIONAL STANDARD BOOK NUMBER |
| International Standard Book Number |
9781119856665 |
| Qualifying information |
(hardback) |
| 035 ## - SYSTEM CONTROL NUMBER |
| System control number |
22784158 |
| 040 ## - CATALOGING SOURCE |
| Original cataloging agency |
DLC |
| Language of cataloging |
eng |
| Description conventions |
rda |
| Transcribing agency |
DLC |
| Modifying agency |
CSPC |
| 042 ## - AUTHENTICATION CODE |
| Authentication code |
pcc |
| 050 00 - LIBRARY OF CONGRESS CALL NUMBER |
| Classification number |
HG4538 |
| Item number |
.E74 2023 |
| 082 00 - DEWEY DECIMAL CLASSIFICATION NUMBER |
| Classification number |
332.673 |
| Item number |
Er441g |
| Edition number |
23/eng/20220909 |
| 100 1# - MAIN ENTRY--PERSONAL NAME |
| Personal name |
Erickson, Darrin, |
| Relator term |
author. |
| 245 10 - TITLE STATEMENT |
| Title |
Global investing : |
| Remainder of title |
a practical guide to the world's best financial opportunities / |
| Statement of responsibility, etc. |
Darrin Erickson. |
| 263 ## - PROJECTED PUBLICATION DATE |
| Projected publication date |
2212 |
| 264 #1 - PRODUCTION, PUBLICATION, DISTRIBUTION, MANUFACTURE, AND COPYRIGHT NOTICE |
| Place of production, publication, distribution, manufacture |
Hoboken, New Jersey : |
| Name of producer, publisher, distributor, manufacturer |
John Wiley & Sons, |
| Date of production, publication, distribution, manufacture, or copyright notice |
2023. |
| 300 ## - PHYSICAL DESCRIPTION |
| Extent |
xvii, 332 pages : |
| Other physical details |
illustrations ; |
| Dimensions |
24 cm. |
| 336 ## - CONTENT TYPE |
| Content type term |
text |
| Content type code |
txt |
| Source |
rdacontent |
| 337 ## - MEDIA TYPE |
| Media type term |
unmediated |
| Media type code |
n |
| Source |
rdamedia |
| 338 ## - CARRIER TYPE |
| Carrier type term |
volume |
| Carrier type code |
nc |
| Source |
rdacarrier |
| 504 ## - BIBLIOGRAPHY, ETC. NOTE |
| Bibliography, etc. note |
Includes bibliographical references and index. |
| 505 0# - FORMATTED CONTENTS NOTE |
| Formatted contents note |
Introduction -- Part I. Building wealth through business ownership -- Own good businesses -- Part II. The global investment opportunity -- The global economy -- Global trade -- The global financial markets -- Part III. Risks of investing globally -- Market cycle risk -- Currency risk -- Geopolitical risk -- Part IV. Buying global businesses -- Company analysis -- Part V. Global sectors and industries -- Communication services -- Consumer discretionary -- Consumer staples -- Energy -- Financials -- Healthcare -- Industrials -- Information technology -- Materials -- Real estate -- Utilities -- Part VI. Own the best and leave the rest -- Portfolio construction. |
| 520 ## - SUMMARY, ETC. |
| Summary, etc. |
"This book discusses the pros and cons of investing outside of one's home region, and why all investors should invest globally. This book will serve as a practical guide to global investing. It will benefit both inexperienced and experienced investors and will be written in a way that is easily understood by all"-- |
| Assigning source |
Provided by publisher. |
| 650 #0 - SUBJECT ADDED ENTRY--TOPICAL TERM |
| Topical term or geographic name entry element |
Investments, Foreign. |
| 650 #0 - SUBJECT ADDED ENTRY--TOPICAL TERM |
| Topical term or geographic name entry element |
International finance. |
| 650 #0 - SUBJECT ADDED ENTRY--TOPICAL TERM |
| Topical term or geographic name entry element |
International trade. |
| 776 08 - ADDITIONAL PHYSICAL FORM ENTRY |
| Relationship information |
Online version: |
| Main entry heading |
Erickson, Darrin. |
| Title |
Global investing |
| Edition |
First edition. |
| Place, publisher, and date of publication |
Hoboken, New Jersey : Wiley, [2023] |
| International Standard Book Number |
9781119856689 |
| Record control number |
(DLC) 2022040334 |
| 906 ## - LOCAL DATA ELEMENT F, LDF (RLIN) |
| a |
7 |
| b |
cbc |
| c |
orignew |
| d |
1 |
| e |
ecip |
| f |
20 |
| g |
y-gencatlg |
| 942 ## - ADDED ENTRY ELEMENTS (KOHA) |
| Source of classification or shelving scheme |
Dewey Decimal Classification |
| Koha item type |
Books |
| Edition |
23 |
| Classification part |
332.673 |
| Item part |
Er441g |
| Call number prefix |
CIR |
| Call number suffix |
2023 |
| Suppress in OPAC |
No |